pays existant Mort subite - Statistiques

Statistiques générales
  • Ce quiz a été pris 504 fois
  • Le résultat moyen est 16 sur 23
Answers on the Grid
Answers color-coded by a green-red scale on the quiz's grid according to % correct below.
Sierra leone
Mordovie
Mozambique
Kiribati
Tibet
Sao tomé et principes
Nauru
Samoa
Togo
Timor oriental
Tahiti
Guyana
Tuvalu
Montorgueil
Vanuatu
Grenade
Dominique
Iles Thomas
Poco Loco
Barbade
Bélize
Turkménistan
Botswana
Lombardie
Burundi
Cap vert
Sainte Lucie
Bahrein
Groenland
Palaos
Tonga
Grenadines
 
Statistiques - réponses
Réponse % Correct
Mozambique
90%
Sierra leone
89%
Togo
79%
Samoa
76%
Kiribati
75%
Nauru
72%
Timor oriental
72%
Sao tomé et principes
71%
Guyana
70%
Turkménistan
70%
Burundi
69%
Cap vert
69%
Bélize
68%
Botswana
66%
Tuvalu
66%
Bahrein
63%
Dominique
63%
Grenade
63%
Sainte Lucie
63%
Tonga
63%
Barbade
62%
Palaos
61%
Vanuatu
61%
Aucun quiz correspondant
Distribution des résultats
% des personnes avec chaque résultat
Percentile par nombre de réponses
Votre historique - résultats
Vous n’avez pas pris ce quiz